Detalles MARC
| 000 -LIDER |
| fixed length control field |
02110nam a22003137a 4500 |
| 003 - IDENTIFICACDOR DE NÚMERO DE CONTROL |
| control field |
DO-SdBNP |
| 005 - DATE AND TIME OF LATEST TRANSACTION |
| control field |
20220301112034.0 |
| 008 - ELEMENTOS DE LONGITUD FIJA |
| fixed length control field |
210721b 2020 dr a c 00| 0 eng d |
| 020 ## - ISBN |
| International Standard Book Number |
9789945613681 |
| 040 ## - FUENTE DE CATALOGACIÓN |
| Agencia que crea de manera original el registro |
DO-SdBNP |
| Idioma de catalogación |
spa |
| Agencia que realiza la transcripción |
BPMSU |
| 082 ## - NÚMERO DE CLASIFICACIÓN DECIMAL DE DEWEY |
| Classification number |
307.76097293 |
| Item number |
B142n 2020 |
| Edition number |
22 |
| 100 1# - ASIENTO PRINCIPAL -- NOMBRE PERSONAL |
| Nombre personal |
Báez Pérez, Rafael «Cucullo», |
| 245 10 - MENCIÓN DE TITULO |
| Título |
Nibaje, Marilópez y la Cruz de Marilópez / |
| Mención de responsabilidad |
Rafael «Cucullo» Báez Pérez ; prólogo : Ramón Morel Cerda ; edición : Aimara Vera Riverón. |
| 260 ## - PUBLICACIÓN, DISTRIBUCIÓN, ETC. (PIE DE IMPRENTA) |
| Lugar de publicación, distribución, etc |
Santo Domingo : |
| Nombre del editor, distribuidor, etc. |
Archivo General de la Nación, |
| Fecha de publicación, distribución, etc |
2020. |
| 300 ## - DESCRIPCIÓN FÍSICA |
| Extensión |
180 p. : |
| Otros detalles físicos |
il., retrs. ; |
| Dimensiones |
22 cm. |
| 490 0# - MENCIÓN DE SERIES |
| Mención de serie |
Archivo General de la Nación ; |
| -- |
Cuadernos populares ; |
| Volume/sequential designation |
8 |
| 505 0# - NOTA DE CONTENIDO |
| Texto normalizado de contenido |
Dedicatoria -- Agradecimientos -- Prólogo / Ramón Morel Cerda -- Datos del autor -- Nibaje, Marilópez y la Cruz de Marilópez. Forjadores de cultura e identidad nacional -- Nibaje -- ¿De dónde desciende el nombre de Nibaje? -- Comienza mi recorrido por ese añejo y querido barrio de Santiago de los Caballeros -- Marilópez -- El terremoto de 1946 -- La Cruz de Marilópez -- Los Jazmines -- El deporte -- Los paseos y las giras -- Bailes hogareños -- El Carnaval y día de San Andrés en el barrio -- Intercambio alimentario de Viernes Santo -- Los apodos en la avenida -- El humor y los humoristas -- Personajes pintorescos, -- Travesuras infantiles -- Modernidad del transporte -- La migración -- Los cuentos del barrio -- La nueva generación -- Modernización vial -- Una acotación necesaria |
| 590 ## - NOTA LOCAL |
| Texto de la nota local |
Inventariado, 2021 /VM<br/><br/> |
| 650 #4 - ENCABEZAMIENTO DE MATERIA--TEMÁTICO |
| Término temático o nombre geográfico como elemento de entrada |
Ciudades y pueblos |
| Subdivisión temática general |
Historia |
| Subdivisión geográfica |
República Dominicana |
| 650 #4 - ENCABEZAMIENTO DE MATERIA--TEMÁTICO |
| Término temático o nombre geográfico como elemento de entrada |
Sociología urbana |
| Subdivisión geográfica |
República Dominicana |
| 650 #4 - ENCABEZAMIENTO DE MATERIA--TEMÁTICO |
| Término temático o nombre geográfico como elemento de entrada |
Identidad cultural |
| Subdivisión geográfica |
República Dominicana |
| 651 #4 - ENCABEZAMIENTO DE MATERIA--NOMBRE GEOGRÁFICO |
| Nombre geográfico |
Nibaje (Santiago de los Caballeros ) |
| Subdivisión temática general |
Historia local |
| Subdivisión geográfica |
República Dominicana |
| 700 1# - ASIENTO SECUNDARIO -- NOMBRE PERSONAL |
| Nombre personal |
Morel Cerda, Ramón, |
| Mención de responsabilidad |
prólogo |
| 700 1# - ASIENTO SECUNDARIO -- NOMBRE PERSONAL |
| Nombre personal |
Vera Riverón, Aimara, |
| Mención de responsabilidad |
edición |
| 710 2# - ASIENTO SECUNDARIO -- NOMBRE CORPORATIVO |
| Nombre corporativo o de jurisdicción |
Archivo General de la Nación (República Dominicana) |
| 830 ## - ASIENTO SECUNDARIO DE SERIE--TÍTULO UNIFORME |
| Título uniforme |
Archivo General de la Nación ; |
| Nombre de la parte o sección de una obra |
Cuadernos Populares |
| Número de la parte o sección de una obra |
8 |
| 910 ## - VALIDACIÓN |
| Validación |
VMateo V. |
| 942 ## - ADDED ENTRY ELEMENTS (KOHA) |
| Source of classification or shelving scheme |
Dewey Decimal Classification |
| Koha item type |
Libros |